| 000 | 00532nam a2200169 i 4500 | ||
|---|---|---|---|
| 001 | 150446 | ||
| 003 | ES-MaACL | ||
| 005 | 20230906203521.0 | ||
| 007 | t| | ||
| 008 | 071030s1917 sp ||||1| spa d | ||
| 100 | 1 |
_aValcárcel, Antonio. _9112467 |
|
| 245 | 1 | 0 |
_aPoesías de Antonio Valcárcel / _cAntonio Valcárcel ; con un prólogo de Marcelo Macías. |
| 260 |
_aSantiago : _b[s.n.], _c1917 ( _fTip. de El Eco) |
||
| 300 |
_aXIV, 66 p. ; _c19 cm. |
||
| 700 | 1 |
_aMacías y García, Marcelo. _975226 |
|
| 852 |
_aES-MaACL _jF-6683 |
||
| 999 |
_c150446 _d150446 |
||